Celestial Objects by Gravitational Pull - Statistics

General Stats
  • This quiz has been taken 36 times
  • The average score is 9 of 15
Answer Stats
Weight Answer % Correct
154 lbs Earth
94%
58.1 lbs Mercury
88%
4321.4 lbs The Sun
79%
164.3 lbs Saturn
74%
389.9 lbs Jupiter
71%
175.4 lbs Neptune
71%
136.6 lbs Uranus
71%
139.6 lbs Venus
71%
25.4 lbs Moon
68%
58.5 lbs Mars
62%
9.7 lbs Pluto
56%
21.3 lbs Titan
44%
4.5 lbs Ceres
41%
0.09 lbs Phobos
32%
12.3 lbs Triton
24%
No matching quizzes found
Score Distribution
Percent of People with Each Score
Percentile by Number Answered
Your Score History
You have not taken this quiz